00490nam a22001577a 4500020001500000040000900015082002000024100002600044245002700070250001900097260003700116650003400153942001400187999001900201952011200220 a8178085658 cNUST a621.3815324 HAY aSimon, Haykin9114061 aAdaptive Filter Theory aFourth Edition aIndia:bPearson Education,c2002 aAdaptive Filter Theory963570 2ddccTEXT c595447d595447 00102ddc4070aCEMEbCEMEcTEXTd2023-08-08l0o621.3815324 HAYpCEME-41032r2023-08-08w2023-08-08yTEXT